|
|
|
|
| LEADER |
00000cam a2200000 7i4500 |
| 001 |
0000006509 |
| 005 |
20151222.0 |
| 008 |
070816 |
| 020 |
|
|
|a 9833065554 (set)
|
| 020 |
|
|
|a 9833065570
|
| 090 |
0 |
0 |
|a CUS
|b MAL
|
| 100 |
0 |
|
|a Sabariah Abdullah
|
| 245 |
1 |
0 |
|a Adat perpatih
|c Sabariah Abdullah
|
| 260 |
|
|
|a Selangor :
|b Pustaka Cahaya Intelek ,
|c 2005
|
| 440 |
|
0 |
|a Siri kebudayaan Melayu
|
| 500 |
|
|
|a Children ages 10-12 years old (pink)
|
| 650 |
|
0 |
|a Adat law
|x Negeri Sembilan
|
| 650 |
|
0 |
|a Adat pepatih
|
| 650 |
|
0 |
|a Malays
|x social life
|
| 710 |
0 |
|
|a Siri
|
| 710 |
0 |
|
|a Title
|
| 999 |
|
|
|a 0000985052
|b Book
|c Children Collection
|e Perbadanan Perpustakaan Awam Johor
|
| 999 |
|
|
|a 0000985053
|b Book
|c Children Collection
|e Cawangan Tangkak
|
| 999 |
|
|
|a 0000985054
|b Book
|c Children Collection
|e Perbadanan Perpustakaan Awam Johor
|
| 999 |
|
|
|a 0000985055
|b Book
|c Children Collection
|e Perbadanan Perpustakaan Awam Johor
|
| 999 |
|
|
|a 0000985056
|b Book
|c Children Collection
|e Cawangan Taman Sri Lambak
|
| 999 |
|
|
|a 000911596
|b Book
|c Teenagers
|e Cawangan Bandar Tenggara
|